000
00332 a2200109 4500
001
ART_17988
005
20260410161656.0
008
260409a
245
1
0
_a
La estartegia frente a las inspecciones impositivas
100
1
_a
Sequeira, Marcos A.
773
0
_t
Práctica profesional
_g
- Nº 120 (jun. 2010)
_w
REV542
999
_c
14718
_d
14718